Effect of hill spacing on radish yield at royal university of agriculture's crop station, ឥទ្ធិពលចន្លោះគុម្ពទៅលើទិន្នផលដំណាំឆៃថាវ នៅស្ថានីយ័ពិសោធន៍សាកលវិទ្យាល័យភូមិន្ទកសិកម្ម (Record no. 7791)
[ view plain ]
| 000 -LEADER | |
|---|---|
| fixed length control field | 00691nam a22001457a 4500 |
| 003 - CONTROL NUMBER IDENTIFIER | |
| control field | OSt |
| 005 - DATE AND TIME OF LATEST TRANSACTION | |
| control field | 20160324095956.0 |
| 008 - FIXED-LENGTH DATA ELEMENTS--GENERAL INFORMATION | |
| fixed length control field | 160324b xxu||||| |||| 00| 0 eng d |
| 040 ## - CATALOGING SOURCE | |
| Transcribing agency | RUA |
| 082 ## - DEWEY DECIMAL CLASSIFICATION NUMBER | |
| Classification number | AGR HEA 2004 B472 Or.1 |
| 100 ## - MAIN ENTRY--PERSONAL NAME | |
| 9 (RLIN) | 8179 |
| Personal name | HEANG SOPHAL; ហ៊ាង សុផល |
| 245 ## - TITLE STATEMENT | |
| Title | Effect of hill spacing on radish yield at royal university of agriculture's crop station, ឥទ្ធិពលចន្លោះគុម្ពទៅលើទិន្នផលដំណាំឆៃថាវ នៅស្ថានីយ័ពិសោធន៍សាកលវិទ្យាល័យភូមិន្ទកសិកម្ម |
| 300 ## - PHYSICAL DESCRIPTION | |
| Extent | 45p. |
| Other physical details | ill. |
| Dimensions | 29cm. |
| 942 ## - ADDED ENTRY ELEMENTS (KOHA) | |
| Source of classification or shelving scheme | |
| Koha item type | AGR |
| Price effective from | Date last seen | Permanent Location | Not for loan | Date acquired | Date last checked out | Source of classification or shelving scheme | Koha item type | Total Checkouts | Barcode | Lost status | Damaged status | Withdrawn status | Current Location | Full call number |
|---|---|---|---|---|---|---|---|---|---|---|---|---|---|---|
| 2018-09-12 | 2023-03-14 | Library Block A | 2018-09-12 | 2023-02-17 | AGR | 4 | RUA001114 | Library Block A | AGR HEA 2004 B472 Or.1 | |||||
| 2016-03-24 | 2016-10-11 | Library Block B | 2016-03-24 | 2016-09-27 | AGR | 1 | RUA058321 | Library Block B | AGR HEA 2004 B472 Or.1 |